DISEASE OF THE LIVER, PANCRCAS AND DUCTRESSGLANDS WITH HOMO. (Record no. 20476)

MARC details
000 -LEADER
fixed length control field 00321nam a22001337a 4500
003 - CONTROL NUMBER IDENTIFIER
control field SGT
082 ## - DEWEY DECIMAL CLASSIFICATION NUMBER
Classification number 616.024
Item number D14B
100 ## - MAIN ENTRY--PERSONAL NAME
Personal name BLACKWOOD,A.L
245 ## - TITLE STATEMENT
Title DISEASE OF THE LIVER, PANCRCAS AND DUCTRESSGLANDS WITH HOMO.
260 ## - PUBLICATION, DISTRIBUTION, ETC. (IMPRINT)
Place of publication, distribution, etc INDIA
Name of publisher, distributor, etc B.JAIN PUB
Year of Publication 2014
300 ## - PAGE DESCRIPTION
No. of Pages 166
650 ## - SUBJECT ADDED ENTRY--TOPICAL TERM
Topical term or geographic name as entry element HOMOEOPATHIC
942 ## - ADDED ENTRY ELEMENTS (KOHA)
Source of classification or shelving scheme Dewey Decimal Classification
Koha item type Books
Holdings
Withdrawn status Lost status Source of classification or shelving scheme Damaged status Not for loan Home library Current library Shelving location Date acquired Vendor Name Cost, normal purchase price SGTU Bill Number Total Checkouts Full call number Accession No. (Barcode) Date last seen Bill Date Koha item type
    Dewey Decimal Classification     Homeopathy Library Homeopathy Library Text Book 13/08/2020 B.JAIN PUB 99.00 SGTU 147010   616.024 D14B FH1992 13/08/2020 02/09/2016 Books
    Dewey Decimal Classification     Homeopathy Library Homeopathy Library Text Book 13/08/2020 B.JAIN PUB 99.00 SGTU 147010   616.024 D14B FH1993 13/08/2020 02/09/2016 Books
    Dewey Decimal Classification     Homeopathy Library Homeopathy Library Text Book 13/08/2020 B.JAIN PUB 99.00 SGTU 147010   616.024 D14B FH1994 13/08/2020 02/09/2016 Books
    Dewey Decimal Classification     Homeopathy Library Homeopathy Library Text Book 13/08/2020 B.JAIN PUB 99.00 SGTU 147010   616.024 D14B FH1995 13/08/2020 02/09/2016 Books
    Dewey Decimal Classification     Homeopathy Library Homeopathy Library Text Book 13/08/2020 B.JAIN PUB 99.00 SGTU 147010   616.024 D14B FH1996 13/08/2020 02/09/2016 Books
    Dewey Decimal Classification     Homeopathy Library Homeopathy Library Text Book 13/08/2020 B.JAIN PUB 99.00 SGTU 147010   616.024 D14B FH1997 13/08/2020 02/09/2016 Books
    Dewey Decimal Classification     Homeopathy Library Homeopathy Library Text Book 13/08/2020 B.JAIN PUB 99.00 SGTU 147010   616.024 D14B FH1998 13/08/2020 02/09/2016 Books
    Dewey Decimal Classification     Homeopathy Library Homeopathy Library Text Book 13/08/2020 B.JAIN PUB 99.00 SGTU 147010   616.024 D14B FH1999 13/08/2020 02/09/2016 Books